Triangle de Pascal - Statistiques

Statistiques générales
  • Ce quiz a été pris 1 016 fois
  • Le résultat moyen est 69 sur 120
Statistiques - réponses
Réponse % Correct
1
100%
1
98%
1
97%
1
97%
2
96%
1
94%
1
94%
3
93%
3
92%
1
91%
1
91%
4
91%
6
89%
1
88%
4
88%
1
87%
5
87%
1
85%
10
85%
1
84%
5
84%
10
83%
6
83%
1
82%
1
82%
15
80%
6
80%
7
80%
1
79%
15
79%
1
78%
20
78%
8
77%
1
76%
21
76%
7
76%
1
74%
21
74%
28
73%
35
73%
8
73%
9
73%
35
72%
28
70%
56
70%
1
69%
1
69%
56
69%
10
68%
70
68%
36
67%
1
66%
1
66%
9
66%
11
64%
1
62%
1
62%
10
62%
12
61%
36
61%
45
60%
84
60%
84
59%
11
58%
126
58%
126
58%
1
56%
45
56%
1
55%
13
54%
55
54%
120
53%
120
52%
12
51%
210
51%
210
51%
252
50%
55
50%
66
50%
165
48%
165
47%
330
46%
330
45%
462
45%
462
44%
1
43%
1
42%
220
42%
66
42%
14
41%
495
39%
78
39%
13
37%
220
37%
1
36%
495
35%
792
35%
792
33%
924
33%
286
31%
14
30%
78
26%
715
25%
91
24%
286
20%
1287
19%
91
17%
715
16%
1716
15%
1287
14%
1716
13%
364
10%
1001
6%
364
6%
2002
4%
1001
3%
2002
3%
3003
2%
3003
2%
3432
2%
Aucun quiz correspondant
Distribution des résultats
% des personnes avec chaque résultat
Percentile par nombre de réponses
Votre historique - résultats
Vous n’avez pas pris ce quiz